Orange is the new black. Season six / a Netflix ... Read More
Available copies
- 1 of 1 copy available at LARL/NWRL Consortium.
- 1 of 1 copy available at Lake Agassiz Regional Library. (Show preferred library)
Current holds
0 current holds with 1 total copy.
Show Only Available Copies
| Location | Call Number / Copy Notes | Barcode | Shelving Location | Status | Due Date |
|---|---|---|---|---|---|
| Fosston Public Library | DVD ORA (Text) | 33500013079835 | Main | Available | - |
Record details
- Physical Description: 4 videodiscs (approximately 774 minutes) : sound, ... Read More
- Publisher: Santa Monica, California : Lions Gate Entertainment Inc., [2019]
- Copyright: ©2019
Content descriptions
| General Note: | Originally made available for online streaming on Netflix in 2018. Based on the memoir Orange Is the New Black: My Year in a Women's Prison by Piper Kerman. Wide screen (1.78:1). Special features: "Litchfield to the max" featurette; Gag reel; Audio commentaries with cast and ... Read More |
| Formatted Contents Note: | Who knows better than I -- Sh*tstorm coming -- ... Read More |
| Participant or Performer Note: | Taylor Schilling, Natasha Lyonne, Uzo Aduba, ... Read More |
| Summary, etc.: | Picking up one week after the emergency response ... Read More |
| Target Audience Note: | Rating: Not rated TV-MA. |
| System Details Note: | DVD, NTSC region 1, widescreen (1.78:1) ... Read More |
| Language Note: | In English or French; Spanish subtitles; English ... Read More |
| Source of Description Note: | Title from disc surface. |
Search for related items by subject
| Subject: | Federal Correctional Institution (Danbury, Conn.) > Drama. Women prisoners > Connecticut > Danbury > Drama. Reformatories for women > Connecticut > Danbury > Drama. |
Search for related items by series
| LDR | 05770cgm a2201129Ii 4500 | ||
|---|---|---|---|
| 001 | 321005 | ||
| 003 | LARL_NWRL_CONSORTIUM | ||
| 005 | 20190612133954.0 | ||
| 008 | 190430p20192018cau774 e vleng d | ||
| 007 | vd cvaizq | ||
| 040 | . | ‡aTEFMT ‡beng ‡erda ‡cTEFMT ‡dOCLCO ‡dTEF ‡dGK8 ‡dIKG ‡dPX0 ‡dJED ‡dIEP | |
| 024 | 1 | . | ‡a031398303039 |
| 028 | 4 | 2. | ‡a56141 ‡bLionsgate |
| 035 | . | ‡a(OCoLC)1099537256 | |
| 037 | . | ‡bMidwest Tape ‡nhttp://www.midwesttapes.com | |
| 041 | 1 | . | ‡aeng ‡afre ‡jeng ‡jspa ‡heng |
| 043 | . | ‡an-us-ct | |
| 046 | . | ‡k2018 ‡2edtf | |
| 082 | 0 | 4. | ‡a791.45/75 ‡223 |
| 245 | 0 | 0. | ‡aOrange is the new black. ‡nSeason six / ‡ca Netflix original series ; created by Jenji Kohan ; Tilted Productions ; Lionsgate ; directed by Michael Trim [and others] ; written by Jenji Kohan [and others] ; produced by Jenji Kohan [and others]. |
| 246 | 3 | . | ‡aOrange is the new black. ‡nSixth season |
| 257 | . | ‡aUnited States ‡2naf | |
| 264 | 1. | ‡aSanta Monica, California : ‡bLions Gate Entertainment Inc., ‡c[2019] | |
| 264 | 4. | ‡c©2019 | |
| 300 | . | ‡a4 videodiscs (approximately 774 minutes) : ‡bsound, color ; ‡c4 3/4 in. | |
| 336 | . | ‡atwo-dimensional moving image ‡btdi ‡2rdacontent | |
| 337 | . | ‡avideo ‡bv ‡2rdamedia | |
| 338 | . | ‡avideodisc ‡bvd ‡2rdacarrier | |
| 340 | . | ‡dstamping ‡2rdapm | |
| 340 | . | ‡b4 3/4 in. ‡gcolor ‡2rda | |
| 344 | . | ‡adigital ‡2rdatr | |
| 344 | . | ‡boptical ‡2rdapm | |
| 344 | . | ‡gsurround ‡2rdapc | |
| 344 | . | ‡hDolby Digital 5.1 | |
| 346 | . | ‡bNTSC ‡2rdabs | |
| 347 | . | ‡avideo file ‡2rdaft | |
| 347 | . | ‡bDVD video | |
| 347 | . | ‡eRegion 1 ‡2rdare | |
| 370 | . | ‡cUnited States ‡2naf | |
| 380 | . | ‡aTelevision comedies ‡aPrison television programs ‡aTelevision crime shows ‡aTelevision series ‡aTelevision adaptations ‡aFiction television programs ‡aTelevision programs ‡2lcgft | |
| 380 | . | ‡aTelevision programs ‡2lcgft | |
| 490 | 0 | . | ‡aOrange is the new black ; ‡vSeason 6 |
| 538 | . | ‡aDVD, NTSC region 1, widescreen (1.78:1) presentation; Dolby Digital 5.1. | |
| 546 | . | ‡aIn English or French; Spanish subtitles; English subtitles for the deaf and hard-of-hearing (SDH). | |
| 588 | 0 | . | ‡aTitle from disc surface. |
| 511 | 1 | . | ‡aTaylor Schilling, Natasha Lyonne, Uzo Aduba, Danielle Brooks, Jackie Cruz, Laura Gómez, Selenis Leyva, Taryn Manning, Adrienne C. Moore, Matt Peters, Jessica Pimentel, Dascha Polanco, Elizabeth Rodriguez, Nick Sandow, Dale Soules, Yael Stone, Kate Mulgrew, Laura Prepon, Lea Delaria, Michael J. Harney. |
| 500 | . | ‡aOriginally made available for online streaming on Netflix in 2018. | |
| 500 | . | ‡aBased on the memoir Orange Is the New Black: My Year in a Women's Prison by Piper Kerman. | |
| 500 | . | ‡aWide screen (1.78:1). | |
| 521 | 8 | . | ‡aRating: Not rated ‡aTV-MA. |
| 520 | . | ‡aPicking up one week after the emergency response team stormed Litchfield Penitentiary, the ladies of Litch have been torn apart, literally and figuratively, as they enter a new facility. Now newbies starting at the bottom, they must navigate new rules and power dynamics while getting hazed by inmates and tortured by guards. | |
| 505 | 0 | . | ‡aWho knows better than I -- Sh*tstorm coming -- Look out for number one -- I'm the talking ass -- Mischief mischief -- State of the uterus -- Changing winds -- Gordons -- Break the string -- Chocolate chip nookie -- Well this took a dark turn -- Double trouble -- Be free. |
| 500 | . | ‡aSpecial features: "Litchfield to the max" featurette; Gag reel; Audio commentaries with cast and crew. | |
| 610 | 2 | 0. | ‡aFederal Correctional Institution (Danbury, Conn.) ‡vDrama. |
| 650 | 0. | ‡aWomen prisoners ‡zConnecticut ‡zDanbury ‡vDrama. | |
| 650 | 0. | ‡aReformatories for women ‡zConnecticut ‡zDanbury ‡vDrama. | |
| 655 | 7. | ‡aTelevision comedies. ‡2lcgft ‡0(LARL_NWRL_CONSORTIUM)175737 | |
| 655 | 7. | ‡aPrison television programs. ‡2lcgft | |
| 655 | 7. | ‡aTelevision crime shows. ‡2lcgft ‡0(LARL_NWRL_CONSORTIUM)175791 | |
| 655 | 7. | ‡aTelevision series. ‡2lcgft ‡0(LARL_NWRL_CONSORTIUM)175797 | |
| 655 | 7. | ‡aTelevision adaptations. ‡2lcgft ‡0(LARL_NWRL_CONSORTIUM)175702 | |
| 655 | 7. | ‡aFiction television programs. ‡2lcgft ‡0(LARL_NWRL_CONSORTIUM)175627 | |
| 655 | 7. | ‡aVideo recordings for the hearing impaired. ‡2lcgft ‡0(LARL_NWRL_CONSORTIUM)175744 | |
| 655 | 7. | ‡aTelevision programs for the hearing impaired. ‡2lcgft ‡0(LARL_NWRL_CONSORTIUM)175639 | |
| 700 | 1 | . | ‡aKohan, Jenji, ‡d1969- ‡ecreator, ‡escreenwriter, ‡etelevision producer. ‡0(LARL_NWRL_CONSORTIUM)215249 |
| 700 | 1 | . | ‡aTrim, Michael ‡c(Television director), ‡etelevision director. |
| 700 | 1 | . | ‡aSchilling, Taylor, ‡d1984- ‡eactor. |
| 700 | 1 | . | ‡aLyonne, Natasha, ‡eactor. ‡0(LARL_NWRL_CONSORTIUM)136639 |
| 700 | 1 | . | ‡aAduba, Uzo, ‡eactor. |
| 700 | 1 | . | ‡aBrooks, Danielle, ‡eactor. |
| 700 | 1 | . | ‡aCruz, Jackie, ‡d1986- ‡eactor. |
| 700 | 1 | . | ‡aGómez, Laura, ‡d1979- |
| 700 | 1 | . | ‡aLeyva, Selenis, ‡d1972- ‡eactor. |
| 700 | 1 | . | ‡aManning, Taryn, ‡eactor. ‡0(LARL_NWRL_CONSORTIUM)210844 |
| 700 | 1 | . | ‡aMoore, Adrienne C., ‡eactor. |
| 700 | 1 | . | ‡aPeters, Matt, ‡eactor. |
| 700 | 1 | . | ‡aPimentel, Jessica, ‡eactor. |
| 700 | 1 | . | ‡aPolanco, Dascha, ‡eactor. |
| 700 | 1 | . | ‡aRodriguez, Elizabeth, ‡d1980- ‡eactor. |
| 700 | 1 | . | ‡aSandow, Nick, ‡eactor. |
| 700 | 1 | . | ‡aSoules, Dale, ‡eactor. |
| 700 | 1 | . | ‡aStone, Yael, ‡eactor. |
| 700 | 1 | . | ‡aMulgrew, Kate, ‡d1955- ‡eactor. ‡0(LARL_NWRL_CONSORTIUM)143411 |
| 700 | 1 | . | ‡aPrepon, Laura, ‡d1980- ‡eactor. ‡0(LARL_NWRL_CONSORTIUM)210185 |
| 700 | 1 | . | ‡aDeLaria, Lea, ‡eactor. |
| 700 | 1 | . | ‡aHarney, Michael J., ‡eactor. |
| 700 | 1 | . | ‡iTelevision adaptation of (work): ‡aKerman, Piper. ‡tOrange is the new black. |
| 710 | 2 | . | ‡aNetflix (Firm), ‡ebroadcaster, ‡eproduction company. ‡0(LARL_NWRL_CONSORTIUM)220760 |
| 710 | 2 | . | ‡aTilted Productions, ‡eproduction company. |
| 710 | 2 | . | ‡aLions Gate Television (Firm), ‡eproduction company. ‡0(LARL_NWRL_CONSORTIUM)207379 |
| 710 | 2 | . | ‡aLions Gate Entertainment (Firm), ‡edistributor. |
| 730 | 0 | 2. | ‡iContainer of (work): ‡aOrange is the new black (Television program). ‡nSeason 6. |
| 730 | 0 | 2. | ‡iContainer of (expression): ‡aOrange is the new black (Television program). ‡nSeason 6. ‡lFrench. |
| 901 | . | ‡a321005 ‡bOCoLC ‡c321005 ‡tbiblio ‡soclc | |

Add to basket
Permalink
Disable Highlighting